000 00270nam a22001217a 4500
020 _a978-81-286-3999-9
082 _a823
_bEUR/N
100 _aEUROKIDS
245 _aNOODDY SHORT TALES
260 _aMUMBAI
_bEUROKIDS
650 _aENGLISH SHORT STORY
_zMUMBAI
942 _cBK
999 _c3387
_d3387